000
00210 a2200097 4500
001
41184
100
_a
Welbourne, G
245
_a
Flight and engines
260
_a
London
_b
Black & son
_c
090
_c
25407
_d
25407
942
_a
NUST-CAE
_c
M
_c
17122
999
_c
276257
_d
276257